Los tiempos del esplendor /

Guardat en:
Dades bibliogràfiques
Autor principal: Jorge, Lídia (autor)
Altres autors: López-Vega, Martín (traducción) (traducción)
Format: Llibre
Idioma:espanyol
Publicat: Madrid, España : La Umbría y la Solana, 2017, c2017
Col·lecció:(Colección de Autores Portugueses ; 7)
Matèries:
Etiquetes: Afegir etiqueta
Sense etiquetes, Sigues el primer a etiquetar aquest registre!

MARC

LEADER 00000nam^a2200000^a^4500
001 000410887
005 20250521000000.0
009 20260310122058.61
020 |a 978-84-946988-5-9 
037 |a Acervo ITESO - Biblioteca 
041 |a ESP 
082 |a 869.  |b JOR 
100 |a Jorge, Lídia  |e (autor) 
240 1 5 |a [Los tiempos del esplendor] 
245 1 4 |a Los tiempos del esplendor /  |c L. Jorge ; il. de Arturo Revuelta ; tr. por M. López-Vega. 
264 4 |a Madrid, España :  |b La Umbría y la Solana,  |c 2017, c2017 
300 |a 203 p. 
336 |a texto  |b txt  |2 rdacontenido 
337 |a sin mediación  |b n  |2 rdamedio 
338 |a volumen  |b nc  |2 rdasoporte 
440 1 |a (Colección de Autores Portugueses ;  |v 7) 
500 |a Traducción de: O amor em Lobito Bay 
521 |a FIL 2018 DIA 
545 0 |a Lidia Jorge (Boliqueime, 1946), escritora portuguesa. Formada en Filología Románica, ejerció como profesora en Angola y Mozambique en el contexto de las luchas independentistas de la Guerra colonial portuguesa (1961-74). Su escritura rememora parte de su experiencia vivida bajo el colonialismo en Africa y la dictadura en su propia patria (1926-74), así como situaciones de nostalgia y familia. Algunas de sus novelas más destacadas son O dia dos prodígios [Los días de los prodigios] (1980); Noticia de la ciudad silvestre (1984); La costa de los murmullos (1988), su primera creación difundida internacionalmente y adaptada al cine por la cineasta Margarida Cardoso (2004); El jardín sin límites (1995); El valle de la pasión/El fugitivo que dibujaba pájaros (1998); O vento assobiando nas gruas [El viento silba sobre las grúas] (2002), Gran Premio de Novela de la Asociación Portuguesa de Escritores; Combateremos a sombra [Lucharemos contra la sombra] (2007), premio Charles Brisset, de la Asociación Francesa de Psiquiatría (2008); Los memorables (2014) y Estuario (2018). La instrumentalina (1992) y Los tiempos del esplendor (2016) forman parte de sus libros de cuentos. Ha sido galardonada por el conjunto de su obra con los premios Luso-Español de Arte y Cultura (2014), Vergílio Ferreira (2015), Literatura dst (2019) y FIL de Literatura en Lenguas Romances (2020), entre otros reconocimientos. 
586 |a Premio Vergílio Ferreira 2015 
586 |a Premio FIL de Literatura en Lenguas Romances 2020 
649 |a XX 
650 |a Cuentos Portugueses 
650 |a Literatura de Mujeres -  |z Portugal 
650 |a Literatura Portuguesa -  |y Siglo XXI 
700 |a López-Vega, Martín  |e (traducción) 
910 |a Fondo General 
920 |a Impresos - Libros 
930 |a Colección General 
940 |a Literatura 
905 |a 101 
901 |a 0500311472  |b IT1  |c LIT  |i C164136  |u 20250521 
902 |a https://opac.biblio.iteso.mx/vufind/Record/000410887